Capitals AND Countries That Start With D - Statistics

General Stats
  • This quiz has been taken 12,015 times
  • The average score is 12 of 14
Answer Stats
Answer % Correct
Country Denmark
98%
Country Djibouti
94%
Capital Djibouti
94%
Country Dominica
91%
Country Dominican Republic
91%
Capital Dakar
82%
Capital Dhaka
82%
Capital Dili
79%
Capital Damascus
78%
Capital Dodoma
77%
Capital Dushanbe
77%
Capital Doha
75%
Capital Dublin
75%
Country Democratic Republic of the Congo
74%
No matching quizzes found
Score Distribution
Percent of People with Each Score
Percentile by Number Answered
Your Score History
You have not taken this quiz